Vista normal Vista MARC

Entrada Topical Term

Número de registros utilizados en: 1

001 - CONTROL NUMBER

  • control field: 9584

003 - CONTROL NUMBER IDENTIFIER

  • control field: OSt

005 - DATE AND TIME OF LATEST TRANSACTION

  • control field: 20200901133059.0

008 - FIXED-LENGTH DATA ELEMENTS

  • fixed length control field: 200901|| aca||aabn | a|a d

040 ## - CATALOGING SOURCE

  • Original cataloging agency: OSt
  • Transcribing agency: OSt

150 ## - HEADING--TOPICAL TERM

  • Topical term or geographic name entry element: Estrategias de atención

670 ## - SOURCE DATA FOUND

  • Source citation: Work cat.: (OSt)4836: Presidencia de la República 4255, Estrategia de atención integral a la primera infancia. fundamentos políticos, técnicos y de gestión /, 2013.